00580nam a22001937a 450000500170000001000150001702000260003203500140005803700090007208200170008110000180009824500580011626000430017427000670021730000210028470000350030570000270034070000190036720231205171001.0 aENG-137770 a9789395422185c350.00 aEN-121301 bDBAD a004.6722022 a Manish Kumar aLot with its Applications/cBy Manish Kumar...[et.al] c2022aTamil nadubshanlax publications a66 TPK Main Road vasantha nagar madurai- bTamilnadue625003  a223p.c25cm(Pbk) akhushboo swarnima e2nd author aSikha singhe3rd autor aG. Manikandan